Statistiche per Sport Più Seguiti in Italia

Clicka qui per fare il quiz!

Statistiche generali

  • Questo quiz è stato fatto 43 volte
  • Il punteggio medio è 9 su 11

Statistiche sulle risposte

PosizionePercentualeSport% Corretto
922%Basket
100%
153%Calcio
100%
431%Pallavolo
100%
239%Tennis
92%
629%Nuoto
89%
338%Formula 1
81%
826%Ciclismo
78%
531%Atletica
73%
729%Motociclismo
73%
1011%Rugby
68%
1110%Boxe
41%

Distribuzione punteggi

Percentile per numero di risposta

Percentuale di utenti per punteggio

I tuoi punteggi nel tempo

Non hai fatto questo quiz